| 000 | 00922nas a2200265 4500 | ||
|---|---|---|---|
| 001 | BR2019001279 | ||
| 003 | BR-BrBNA | ||
| 005 | 20231205131905.0 | ||
| 007 | ta | ||
| 008 | 230509b bl.|||p| |||| 00| 00por d | ||
| 040 |
_aBR-BrBNA _bpor _cBiblioteca Nacional de Agricultura |
||
| 041 | _a(Pt) | ||
| 072 | _aK10 | ||
| 100 | 1 | _aMaffra, C.R.B. | |
| 245 | 1 | _aCaracterísticas físicas e de emergência de sementes de Cordia trichotoma (Vell.)Arrab. Ex Steud)armazenadas em condição ambiente | |
| 650 | _aLOURO PARDO | ||
| 650 | _aÁRVORE ANGIOSPERMA | ||
| 650 | _aSEMENTE | ||
| 650 | _aGERMINAÇÃO | ||
| 650 | _aARMAZENAMENTO | ||
| 773 | 0 |
_tRevista Brasileira de Engenharia de Biossistemas (Brazil) _xISSN 2359-6724 _g(2019), v. 13(2) p. 124-131 _wBR2019001279 |
|
| 856 | 4 | 0 | _uhttp://seer.tupa.unesp.br/index.php/BIOENG/article/view/777/412 |
| 909 |
_a202311 _bLúcia _c55 _dLúcia Elande |
||
| 942 |
_2AGRIS _n0 _cANA |
||
| 999 |
_c257306 _d257306 |
||